| 000 | 00726 a2200169 4500 | ||
|---|---|---|---|
| 003 | Nust | ||
| 005 | 20221205120445.0 | ||
| 040 | _cNust | ||
| 082 | _a297.4,SAJ | ||
| 100 |
_aSajjad.A.K _980031 |
||
| 245 |
_aThe Sufi _bAbandon Not The Path Of Righteousess / _cA.K.Sajjad |
||
| 260 |
_aLahore _bModern Book _c1996 |
||
| 300 | _a108:p.; | ||
| 505 | _aAdvice Of A Noble Mother (Page-1), Teaching Of Worldly Teacher (Page-5), Of Public Servants (Page-18), Of Religion As Education (Page-85), Need For A True Religion Of God (Page-103), The Wheel Of Life (Page-116), The Profession Of A Healer (Page-147), What Is That Which Is Most Sacred To God (Page-168). | ||
| 650 |
_aSufism in Islam _9104120 |
||
| 942 |
_2ddc _cBK _k297.4,SAJ |
||
| 999 |
_c188272 _d188272 |
||